<?xml version="1.0" encoding="UTF-8"?>
<record
    xmlns:xsi="http://www.w3.org/2001/XMLSchema-instance"
    xsi:schemaLocation="http://www.loc.gov/MARC21/slim http://www.loc.gov/standards/marcxml/schema/MARC21slim.xsd"
    xmlns="http://www.loc.gov/MARC21/slim">

  <leader>00764nam a22001937a 4500</leader>
  <controlfield tag="003">OSt</controlfield>
  <controlfield tag="005">20190319122502.0</controlfield>
  <controlfield tag="008">190109t        xxu||||| |||| 00| 0 eng d</controlfield>
  <datafield tag="040" ind1=" " ind2=" ">
    <subfield code="a">BSHUA</subfield>
    <subfield code="b">Shqip</subfield>
    <subfield code="c">BSHUA</subfield>
  </datafield>
  <datafield tag="082" ind1=" " ind2=" ">
    <subfield code="b">784.3/Gra.</subfield>
  </datafield>
  <datafield tag="100" ind1=" " ind2=" ">
    <subfield code="a">Grjejndzhjer, P. ;</subfield>
  </datafield>
  <datafield tag="245" ind1=" " ind2=" ">
    <subfield code="a">Iva; Posvjashjenije :</subfield>
    <subfield code="b">Pjesni dlja srjednjevo gollosa s Fortepiano /</subfield>
  </datafield>
  <datafield tag="260" ind1=" " ind2=" ">
    <subfield code="a">Moskva :</subfield>
    <subfield code="b">Izdatjelstvo Muzika ,</subfield>
    <subfield code="c">1974.</subfield>
  </datafield>
  <datafield tag="300" ind1=" " ind2=" ">
    <subfield code="c">29 cm. .</subfield>
    <subfield code="g">9 f. : me nota ;</subfield>
  </datafield>
  <datafield tag="653" ind1=" " ind2=" ">
    <subfield code="a">Partitura - Ze - Piano - Klavir.</subfield>
    <subfield code="a">Muzika boterore - Muzika australiane.</subfield>
    <subfield code="a">Muzike vokale - Muzike per ze dhe piano - Pjese.</subfield>
    <subfield code="a">Pjese vokale - Kenge, per ze te dyte dhe piano - Partitura.</subfield>
    <subfield code="a">Kompozitoret australiane - Persi Grainger - Percy Grainger.</subfield>
  </datafield>
  <datafield tag="856" ind1=" " ind2=" ">
    <subfield code="y">Fulltext</subfield>
  </datafield>
  <datafield tag="942" ind1=" " ind2=" ">
    <subfield code="2">udc</subfield>
    <subfield code="c">SCORE</subfield>
  </datafield>
  <datafield tag="953" ind1=" " ind2=" ">
    <subfield code="a">0</subfield>
  </datafield>
  <datafield tag="999" ind1=" " ind2=" ">
    <subfield code="c">21201</subfield>
    <subfield code="d">21201</subfield>
  </datafield>
  <datafield tag="952" ind1=" " ind2=" ">
    <subfield code="0">0</subfield>
    <subfield code="1">0</subfield>
    <subfield code="2">udc</subfield>
    <subfield code="4">0</subfield>
    <subfield code="7">0</subfield>
    <subfield code="a">UArtLib2</subfield>
    <subfield code="b">UArtLib2</subfield>
    <subfield code="d">2019-03-19</subfield>
    <subfield code="g">1.50</subfield>
    <subfield code="o">784.3/Gra.</subfield>
    <subfield code="p">35571</subfield>
    <subfield code="r">2019-03-19</subfield>
    <subfield code="w">2019-03-19</subfield>
    <subfield code="y">SCORE</subfield>
  </datafield>
</record>
